000 00387nam a2200145 4500
999 _c688
_d688
008 191119b ||||| |||| 00| 0 eng d
082 0 0 _a621.12
_bC4661
100 _9197
_aChapman, Lawrence B.
245 1 0 _aMarine Power Plant
_cby Lawrence B. Chapman
250 _a1st ed.
260 _aNew York
_bMcGraw Hill
_c1942
300 _axiii, 401 p.
650 0 _aMarine Engines
942 _2ddc
_cBK